[Event "BCC op 21st"]
[Site "Hua Hin"]
[Date "2024.04.17"]
[Round "5"]
[White "Dinh, Nho Kiet"]
[Black "Chernyavsky, Alexander"]
[Result "1/2-1/2"]
[WhiteElo "2245"]
[BlackElo "2354"]
[PlyCount "113"]
[EventDate "2024.04.13"]
[EventType "swiss"]
[EventRounds "9"]
[EventCountry "THA"]
[SourceTitle "CB18_2024"]
[SourceDate "2024.05.01"]
[SourceVersion "1"]
[SourceVersionDate "2024.05.01"]
[SourceQuality "2"]

1. d4 Nf6 2. c4 e6 3. Nc3 Bb4 4. Qc2 d5 5. cxd5 exd5 6. Bg5 h6 7. Bh4 c5 8. dxc5 Nc6 9. e3 g5 10. Bg3 Qa5 11. 0-0-0 Qxc5 12. Nb5 Qxc2+ 13. Kxc2 Bf5+ 14. Bd3 Bxd3+ 15. Kxd3 Ke7 16. Nf3 a6 17. Nbd4 Ne4 18. Nxc6+ bxc6 19. Nd4 Rac8 20. f3 Nc5+ 21. Ke2 Ne6 22. Be5 f6 23. Nf5+ Kf7 24. Bd6 Ng7 25. Nxg7 Bxd6 26. Nf5 Bb8 27. Rd3 Be5 28. b3 Rc7 29. h3 h5 30. Rc1 Rb8 31. e4 dxe4 32. fxe4 a5 33. Rc4 Rb4 34. Ne3 Ke8 35. a4 Rb8 36. Rc5 Rd7 37. Rxd7 Kxd7 38. Nc4 Bd4 39. Rxa5 Rxb3 40. Rf5 Ke6 41. a5 Rg3 42. Kf1 Rc3 43. Nd2 Rc2 44. Nb3 Ba7 45. h4 g4 46. Rxh5 Rf2+ 47. Ke1 Rxg2 48. Nc5+ Kd6 49. Nb7+ Ke7 50. Rh7+ Kf8 51. Nd8 Be3 52. Ne6+ Kg8 53. Rg7+ Kh8 54. Kf1 Rf2+ 55. Ke1 f5 56. exf5 Rxf5 57. Rxg4 1/2-1/2

[Event "Titled Tuesday intern op 18th Jul Early"]
[Site "Chess.com INT"]
[Date "2023.07.18"]
[Round "5"]
[White "Chernyavsky, Alexander"]
[Black "Karttunen, Mika"]
[Result "0-1"]
[WhiteElo "2318"]
[BlackElo "2490"]
[PlyCount "58"]
[EventDate "2023.07.18"]
[EventType "swiss (blitz)"]
[EventRounds "11"]
[EventCountry "USA"]
[SourceTitle "EXT 2024"]
[Source "ChessBase"]
[SourceDate "2023.10.10"]
[SourceVersion "1"]
[SourceVersionDate "2023.10.10"]
[SourceQuality "1"]

1. d4 Nf6 2. c4 e6 3. Nf3 d5 4. g3 dxc4 5. Bg2 Nc6 6. 0-0 Rb8 7. a4 Bb4 8. Na3 Na5 9. Qc2 Bxa3 10. Rxa3 b6 11. Bd2 Ba6 12. Bxa5 bxa5 13. Ne5 Qxd4 14. Nc6 Qxb2 15. Rc3 Rb3 16. Rxb3 Qxb3 17. Qd2 0-0 18. Qxa5 Bb7 19. Qxa7 Bxc6 20. Bxc6 c3 21. Qxc7 Qc4 22. Qb6 Nd5 23. Bxd5 exd5 24. Qb1 Qxa4 25. Rc1 Qc4 26. Qd3 Rc8 27. Rc2 g6 28. Kf1 Qxd3 29. exd3 d4 0-1

[Event "Titled Tuesday intern op 18th Jul Early"]
[Site "Chess.com INT"]
[Date "2023.07.18"]
[Round "8"]
[White "Chor, Kevin"]
[Black "Chernyavsky, Alexander"]
[Result "0-1"]
[WhiteElo "1944"]
[BlackElo "2318"]
[PlyCount "102"]
[EventDate "2023.07.18"]
[EventType "swiss (blitz)"]
[EventRounds "11"]
[EventCountry "USA"]
[SourceTitle "EXT 2024"]
[Source "ChessBase"]
[SourceDate "2023.10.10"]
[SourceVersion "1"]
[SourceVersionDate "2023.10.10"]
[SourceQuality "1"]

1. e4 e6 2. d4 d5 3. Nd2 Nf6 4. e5 Nfd7 5. Bd3 c5 6. c3 Nc6 7. Ne2 cxd4 8. cxd4 f6 9. exf6 Nxf6 10. Nf3 Bd6 11. 0-0 Qc7 12. Bg5 0-0 13. Bh4 Nh5 14. Bg3 Nxg3 15. Nxg3 h6 16. Rc1 g5 17. Bb1 Qg7 18. Qd3 Bd7 19. Nh5 Qf7 20. Nf6+ Kh8 21. Nxd7 Qxd7 22. Qg6 Qg7 23. Qxe6 Rad8 24. Rce1 Rxf3 25. gxf3 Nxd4 26. Qh3 Rf8 27. Re3 Rxf3 28. Rxf3 g4 29. Rf7 gxh3+ 30. Rxg7 Kxg7 31. f3 Ne2+ 32. Kf2 Nf4 33. Rd1 Kf6 34. a3 a5 35. a4 h5 36. Bd3 h4 37. Bf1 Bc5+ 38. Ke1 d4 39. Kd2 Bb4+ 40. Kc2 Ke5 41. Kb3 Ng2 42. Rc1 Kf4 43. Kc4 Ke3 44. Bd3 Nf4 45. Be4 d3 46. Rd1 d2 47. Kb3 Ke2 48. Kc2 Ng2 49. Bd3+ Ke3 50. Rf1 Ne1+ 51. Kd1 Nxd3 0-1

[Event "Bangkok Big Rook op"]
[Site "Bangkok"]
[Date "2023.05.06"]
[Round "5"]
[White "Chernyavsky, Alexander"]
[Black "Badmatsyrenov, Oleg"]
[Result "1/2-1/2"]
[WhiteElo "2339"]
[BlackElo "2446"]
[PlyCount "162"]
[EventDate "2023.05.04"]
[EventType "swiss"]
[EventRounds "7"]
[EventCountry "THA"]
[SourceTitle "CBM 214 Extra"]
[Source "ChessBase"]
[SourceDate "2023.07.31"]
[SourceVersion "1"]
[SourceVersionDate "2023.07.31"]
[SourceQuality "1"]

1. c4 Nf6 2. Nc3 c5 3. g3 e6 4. Nf3 b6 5. Bg2 Bb7 6. 0-0 Be7 7. d4 cxd4 8. Qxd4 d6 9. e4 a6 10. Rd1 Qc7 11. b3 Nbd7 12. Qe3 0-0 13. Bb2 Rac8 14. h3 Rfe8 15. Kh2 Qb8 16. Nd4 Bf8 17. Re1 Ne5 18. Qe2 Nc6 19. Rad1 Nxd4 20. Rxd4 Nd7 21. Rd2 Bc6 22. f4 b5 23. cxb5 axb5 24. e5 Bxg2 25. Kxg2 Qb7+ 26. Kh2 dxe5 27. fxe5 Bb4 28. Red1 Bxc3 29. Rxd7 Qa8 30. Qf2 Rf8 31. Ra7 Qe4 32. Bxc3 Rxc3 33. Rxf7 Rf3 34. Qxf3 Qxf3 35. Rxf3 Rxf3 36. Kg2 Re3 37. b4 Rxe5 38. Kf3 Kf7 39. g4 Kf6 40. Rd7 h5 41. Ra7 Rd5 42. Ke4 Re5+ 43. Kf3 h4 44. a4 bxa4 45. Rxa4 Re1 46. b5 Rb1 47. Rf4+ Ke5 48. Re4+ Kd5 49. g5 Rxb5 50. Rxh4 Rb3+ 51. Ke2 Rg3 52. Rh5 Ke4 53. h4 Kf5 54. Rh7 Kg6 55. Rh8 Rh3 56. Kf2 Ra3 57. Re8 Kf5 58. Re7 g6 59. Rf7+ Kg4 60. Rf6 Kh5 61. Rxe6 Ra4 62. Kf3 Rxh4 63. Re5 Ra4 64. Kg3 Ra3+ 65. Kg2 Kg4 66. Rb5 Ra2+ 67. Kg1 Kg3 68. Rb3+ Kf4 69. Rb5 Re2 70. Kf1 Rd2 71. Ra5 Rh2 72. Kg1 Rd2 73. Kf1 Kf3 74. Ra3+ Kg4 75. Ra5 Kh4 76. Kg1 Rd4 77. Kg2 Rf4 78. Rb5 Rg4+ 79. Kf3 Rg3+ 80. Kf2 Rxg5 81. Rxg5 Kxg5 1/2-1/2

[Event "Pattaya CAD op"]
[Site "Pattaya"]
[Date "2023.04.03"]
[Round "5"]
[White "Chernyavsky, Alexander"]
[Black "Badmatsyrenov, Oleg"]
[Result "1/2-1/2"]
[WhiteElo "2327"]
[BlackElo "2437"]
[PlyCount "118"]
[EventDate "2023.04.01"]
[EventType "swiss"]
[EventRounds "7"]
[EventCountry "THA"]
[SourceTitle "CBM 213 Extra"]
[Source "ChessBase"]
[SourceDate "2023.05.31"]
[SourceVersion "1"]
[SourceVersionDate "2023.05.31"]
[SourceQuality "1"]

1. d4 Nf6 2. Nf3 c5 3. e3 g6 4. b3 Bg7 5. Bb2 0-0 6. Nbd2 cxd4 7. exd4 d5 8. Bd3 Nc6 9. a3 Bf5 10. Bxf5 gxf5 11. Nf1 e6 12. Ng3 Qa5+ 13. Kf1 Rac8 14. Ne2 Qb5 15. g3 a5 16. Kg2 Ne4 17. Ne1 Qb6 18. f3 Nd6 19. a4 Nc4 20. bxc4 Qxb2 21. Nd3 Qb6 22. c5 Qa7 23. Ndf4 b6 24. cxb6 Qxb6 25. Rb1 Qa6 26. c3 Rb8 27. Qd3 Qxd3 28. Nxd3 Rfc8 29. f4 Bf8 30. h3 Nd8 31. g4 fxg4 32. hxg4 Nb7 33. f5 Nd6 34. fxe6 fxe6 35. Nc5 Rxb1 36. Rxb1 e5 37. Ne6 exd4 38. cxd4 Ne4 39. Rb5 Rc2 40. Kf3 Bb4 41. Rxd5 Rxe2 42. Re5 Ra2 43. Kxe4 Rxa4 44. Rg5+ Kf7 45. Ke5 Ra1 46. Rg7+ Ke8 47. Rxh7 a4 48. g5 a3 49. Ra7 Re1+ 50. Kd5 Rg1 51. Kc6 Rg2 52. Nc7+ Kf8 53. Nd5 Bd2 54. Nf6 Be3 55. Kd5 Bxg5 56. Nh7+ Ke8 57. Nxg5 Rxg5+ 58. Kc6 Rg6+ 59. Kc5 Kd8 1/2-1/2

[Event "Titled Tuesday intern op 19th Apr Early"]
[Site "Chess.com INT"]
[Date "2022.04.19"]
[Round "5"]
[White "Vlassov, Nikolai"]
[Black "Chernyavsky, Alexander"]
[Result "1-0"]
[WhiteElo "2294"]
[BlackElo "2327"]
[PlyCount "129"]
[EventDate "2022.04.19"]
[EventType "swiss (blitz)"]
[EventRounds "11"]
[EventCountry "USA"]
[SourceTitle "EXT 2023"]
[Source "ChessBase"]
[SourceDate "2022.10.05"]
[SourceVersion "1"]
[SourceVersionDate "2022.10.05"]
[SourceQuality "1"]

1. e4 e6 2. d4 d5 3. exd5 exd5 4. Nf3 Bd6 5. c4 Nf6 6. c5 Be7 7. Bd3 b6 8. cxb6 axb6 9. 0-0 0-0 10. Re1 c5 11. Nc3 Nc6 12. h3 h6 13. Bf4 Ra5 14. a3 c4 15. Bc2 b5 16. Rc1 b4 17. axb4 Nxb4 18. Bb1 Be6 19. Ne5 Qb6 20. Be3 Nc6 21. Qd2 Rb8 22. Nxc4 dxc4 23. d5 Qxb2 24. dxe6 Qxd2 25. Bxd2 Rb2 26. Ne4 Rab5 27. Bc3 Rxb1 28. Rxb1 Rxb1 29. Nxf6+ Bxf6 30. Rxb1 Bxc3 31. Rb8+ Nxb8 32. e7 Nd7 33. e8Q+ Nf8 34. Qc6 Bf6 35. Qxc4 g6 36. g3 h5 37. Kg2 Kg7 38. f4 Ne6 39. Qd5 Nd4 40. g4 hxg4 41. hxg4 Ne6 42. Kf3 g5 43. fxg5 Nxg5+ 44. Kf4 Ne6+ 45. Kf5 Nd4+ 46. Ke4 Ne6 47. Qd6 Ng5+ 48. Kf5 Ne6 49. Qd7 Nd4+ 50. Ke4 Ne6 51. Qa7 Bd4 52. Qa5 Bf6 53. Kd5 Nf4+ 54. Kd6 Ne6 55. Kd7 Kf8 56. Qb4+ Kg7 57. Ke8 Nc7+ 58. Kd7 Nd5 59. Qc5 Nf4 60. g5 Bb2 61. Ke8 Ne6 62. Qe7 Kh8 63. Kxf7 Ng7 64. g6 Nf5 65. Qf8# 1-0

[Event "Titled Tuesday intern op 29th Mar Early"]
[Site "Chess.com INT"]
[Date "2022.03.29"]
[Round "2"]
[White "Chernyavsky, Alexander"]
[Black "Vysochin, Spartak"]
[Result "1-0"]
[WhiteElo "2327"]
[BlackElo "2512"]
[PlyCount "101"]
[EventDate "2022.03.29"]
[EventType "swiss (blitz)"]
[EventRounds "11"]
[EventCountry "USA"]
[SourceTitle "CBM 207 Extra"]
[Source "ChessBase"]
[SourceDate "2022.05.31"]
[SourceVersion "1"]
[SourceVersionDate "2022.05.31"]
[SourceQuality "1"]

1. c4 e5 2. Nc3 Bb4 3. Nd5 Bc5 4. e3 c6 5. b4 Bf8 6. Nc3 Bxb4 7. Qb3 Na6 8. Nf3 d6 9. d4 Qe7 10. Bd2 Nf6 11. a3 Ba5 12. Be2 0-0 13. 0-0 Bg4 14. c5 Bxc3 15. cxd6 Qxd6 16. Bxc3 e4 17. Bxa6 bxa6 18. Bb4 Rfb8 19. Ne5 Qe6 20. Qxe6 Bxe6 21. Nxc6 Rb6 22. Rfc1 Nd5 23. Rc5 h5 24. Rxd5 Rxc6 25. Rxh5 Rac8 26. Rc5 a5 27. Rxc6 Rxc6 28. Bxa5 Rc2 29. h3 Kh7 30. Bb4 Bc4 31. Bc5 a6 32. Rb1 Bb5 33. Rb4 Rd2 34. a4 Bd3 35. a5 g5 36. Rb7 Kg6 37. Rb6+ Kg7 38. Bd6 f5 39. Be5+ Kh7 40. d5 Bc4 41. Rb7+ Kg6 42. d6 f4 43. exf4 Kf5 44. g4+ Ke6 45. Re7+ Kd5 46. d7 Kc6 47. fxg5 e3 48. fxe3 Be2 49. g6 Bf3 50. g7 Rg2+ 51. Kf1 1-0

[Event "Titled Tuesday intern op 25th Jan"]
[Site "Chess.com INT"]
[Date "2022.01.25"]
[Round "4"]
[White "Chernyavsky, Alexander"]
[Black "Kamsky, Gata"]
[Result "0-1"]
[WhiteElo "2327"]
[BlackElo "2657"]
[PlyCount "54"]
[EventDate "2022.01.25"]
[EventType "swiss (blitz)"]
[EventRounds "11"]
[EventCountry "USA"]
[SourceTitle "CBM 206 Extra"]
[Source "ChessBase"]
[SourceDate "2022.03.31"]
[SourceVersion "1"]
[SourceVersionDate "2022.03.31"]
[SourceQuality "1"]

1. d4 Nf6 2. c4 e6 3. Nc3 Bb4 4. e3 0-0 5. Nge2 d5 6. a3 Bd6 7. c5 Be7 8. b4 b6 9. Ng1 a5 10. Bd2 c6 11. f4 Ba6 12. Nf3 Bxf1 13. Kxf1 Nbd7 14. Ne5 Nxe5 15. fxe5 Nd7 16. Ke2 f6 17. exf6 Bxf6 18. b5 bxc5 19. bxc6 cxd4 20. exd4 Nb8 21. Qa4 Ra6 22. Rac1 Nxc6 23. Be3 Qe8 24. Qb5 Ra8 25. Rhd1 Rb8 26. Qa4 Rb2+ 27. Ke1 Rxg2 0-1

[Event "Titled Tuesday intern op 25th Jan"]
[Site "Chess.com INT"]
[Date "2022.01.25"]
[Round "1"]
[White "Chernyavsky, Alexander"]
[Black "Tristan, Leonardo"]
[Result "0-1"]
[WhiteElo "2327"]
[BlackElo "2561"]
[PlyCount "90"]
[EventDate "2022.01.25"]
[EventType "swiss (blitz)"]
[EventRounds "11"]
[EventCountry "USA"]
[SourceTitle "CBM 206 Extra"]
[Source "ChessBase"]
[SourceDate "2022.03.31"]
[SourceVersion "1"]
[SourceVersionDate "2022.03.31"]
[SourceQuality "1"]

1. d4 d5 2. c4 e6 3. Nc3 a6 4. cxd5 exd5 5. Qc2 Nf6 6. Bg5 Be6 7. e3 Nbd7 8. Nf3 Bd6 9. Bd3 c6 10. Rb1 Qc7 11. b4 h6 12. Bh4 0-0 13. Bg3 Bxg3 14. hxg3 Rfc8 15. Na4 b6 16. 0-0 a5 17. b5 c5 18. dxc5 bxc5 19. Rfc1 Rab8 20. Nd4 c4 21. Bf5 Bxf5 22. Qxf5 Ne5 23. Nc3 Nd3 24. Rc2 Qe5 25. Qxe5 Nxe5 26. f4 Nd3 27. Nc6 Rb7 28. Nxa5 Re7 29. e4 dxe4 30. b6 Re6 31. b7 Rb8 32. Nxc4 Nc5 33. Rcb2 Rc6 34. Rb6 Rc7 35. Na5 Nfd7 36. Nd5 Nxb6 37. Nxc7 Nba4 38. Nd5 Kh7 39. Ne7 Nc3 40. Rb4 e3 41. Kf1 e2+ 42. Ke1 Nd3+ 43. Kd2 e1Q+ 44. Kxd3 Qxe7 45. Nc6 Qd6+ 0-1

[Event "Titled Tuesday intern op 04th Jan"]
[Site "Chess.com INT"]
[Date "2022.01.04"]
[Round "4"]
[White "Bolanos, Fernando"]
[Black "Chernyavsky, Alexander"]
[Result "0-1"]
[WhiteElo "2260"]
[BlackElo "2327"]
[PlyCount "102"]
[EventDate "2022.01.04"]
[EventType "swiss (blitz)"]
[EventRounds "11"]
[EventCountry "USA"]
[SourceTitle "EXT 2023"]
[Source "ChessBase"]
[SourceDate "2022.10.05"]
[SourceVersion "1"]
[SourceVersionDate "2022.10.05"]
[SourceQuality "1"]

1. e4 e6 2. d4 d5 3. e5 c5 4. c3 Bd7 5. Nf3 Qb6 6. a3 Bb5 7. b4 cxb4 8. Bxb5+ Qxb5 9. axb4 Ne7 10. Qe2 Qxe2+ 11. Kxe2 Nd7 12. Bd2 a6 13. Na3 Nb6 14. Ne1 Rc8 15. b5 axb5 16. Nxb5 Nc6 17. Nd3 Nc4 18. Rhb1 Be7 19. Na7 Nxa7 20. Rxa7 b6 21. Nb2 Na3 22. Ra1 Nb5 23. Rb7 Bd8 24. Nd1 0-0 25. f4 f6 26. exf6 gxf6 27. Ne3 Rf7 28. Rxf7 Kxf7 29. Kd3 Nd6 30. Ra7+ Kg6 31. g4 Rc7 32. Ra8 Rd7 33. Bc1 h5 34. h3 hxg4 35. hxg4 Ne4 36. Ba3 Nf2+ 37. Ke2 Nh3 38. Kf3 Bc7 39. f5+ exf5 40. gxf5+ Kh7 41. Nxd5 Rxd5 42. Ke4 Rd7 43. c4 Ng5+ 44. Kd3 Nf3 45. d5 Ne5+ 46. Kd4 Kh6 47. Ra7 Kg5 48. Ra8 Kxf5 49. Rf8 Bd6 50. Bxd6 Rxd6 51. Rb8 Nc6+ 0-1

[Event "Titled Tuesday intern op 04th Jan"]
[Site "Chess.com INT"]
[Date "2022.01.04"]
[Round "3"]
[White "Chernyavsky, Alexander"]
[Black "Pesotskiy, Mikhail"]
[Result "0-1"]
[WhiteElo "2327"]
[BlackElo "2217"]
[PlyCount "130"]
[EventDate "2022.01.04"]
[EventType "swiss (blitz)"]
[EventRounds "11"]
[EventCountry "USA"]
[SourceTitle "EXT 2023"]
[Source "ChessBase"]
[SourceDate "2022.10.05"]
[SourceVersion "1"]
[SourceVersionDate "2022.10.05"]
[SourceQuality "1"]

1. c4 e5 2. Nc3 Nc6 3. g3 Bc5 4. Bg2 a6 5. e3 Ba7 6. Nge2 d6 7. d4 Nf6 8. 0-0 0-0 9. d5 Ne7 10. h3 Ng6 11. Kh2 Re8 12. e4 Kh8 13. b4 a5 14. b5 Ng8 15. Na4 f5 16. b6 cxb6 17. exf5 Bxf5 18. Nec3 Bd7 19. Be3 b5 20. Bxa7 bxa4 21. Be3 Rc8 22. Ne4 Qc7 23. Rc1 Nf6 24. Ng5 Qb8 25. c5 dxc5 26. Bxc5 b6 27. Ba3 Rxc1 28. Qxc1 Qc8 29. Qe3 Kg8 30. Qxb6 Qc3 31. Qc5 Qxc5 32. Bxc5 e4 33. Rd1 h6 34. Ne6 Bxe6 35. dxe6 Rxe6 36. Rd4 Ne5 37. Rxa4 Nd3 38. Be3 Re5 39. Bd4 Rb5 40. Bxf6 gxf6 41. Bxe4 Nxf2 42. Kg2 Nxe4 43. Rxe4 Rb2+ 44. Kf3 Rxa2 45. Re6 Kf7 46. Ra6 Ra3+ 47. Kf4 Kg6 48. h4 h5 49. Rb6 Rc3 50. Ra6 Rc4+ 51. Kf3 Ra4 52. Ke3 Ra3+ 53. Kf4 a4 54. Ra5 Ra1 55. Kf3 a3 56. Kf2 a2 57. Kg2 Kf7 58. Ra6 Ke7 59. Kh2 Kd7 60. Kg2 Kc7 61. Kh2 Kb7 62. Ra3 Kb6 63. Kg2 Kb5 64. Kf3 Kb4 65. Ra8 Rf1+ 0-1

[Event "Titled Tuesday intern op 04th Jan"]
[Site "Chess.com INT"]
[Date "2022.01.04"]
[Round "6"]
[White "Myradow, Soltan"]
[Black "Chernyavsky, Alexander"]
[Result "1-0"]
[WhiteElo "2233"]
[BlackElo "2327"]
[PlyCount "47"]
[EventDate "2022.01.04"]
[EventType "swiss (blitz)"]
[EventRounds "11"]
[EventCountry "USA"]
[SourceTitle "EXT 2023"]
[Source "ChessBase"]
[SourceDate "2022.10.05"]
[SourceVersion "1"]
[SourceVersionDate "2022.10.05"]
[SourceQuality "1"]

1. Nf3 Nf6 2. e3 d5 3. c4 c6 4. b3 Bf5 5. Bb2 e6 6. d3 Nbd7 7. Nbd2 Nc5 8. Ne5 dxc4 9. e4 c3 10. Bxc3 Bg6 11. Ndf3 Be7 12. Be2 Bh5 13. 0-0 0-0 14. Qc2 Ncd7 15. Nxd7 Nxd7 16. d4 Bf6 17. Rad1 Qc7 18. h3 Bg6 19. Bd3 e5 20. dxe5 Nxe5 21. Nxe5 Bxe5 22. Bxe5 Qxe5 23. f4 Qd5 24. exd5 1-0